000 00498nam a22001577a 4500
008 150522b xxu||||| |||| 00| 0 eng d
020 _a0844231010
050 _bHF 5810 .H6A32 1997
100 _aClaude, Hopkins C
_d1997
245 _aMy life in advertising and scientific
260 _aIllinois:
_bNTC Business Books,
_c1997
300 _axiii, 318p.
_bIncludes index.
650 _aAdvertising
650 _aScientific advertising
942 _2lcc
_cBOOKS
_hHF 5810 .H6A32 1997
999 _c1088
_d1088